|
|
|
|
| LEADER |
01143nam a2200265 a 4500 |
| 001 |
4963072 |
| 008 |
091231s1997 ii a b 001 0 eng d |
| 010 |
|
|
|a \\\97027342
|
| 020 |
|
|
|a 0761992006 (US : hb : alk. paper)
|
| 020 |
|
|
|a 0761992014 (US : pb : alk. paper)
|
| 020 |
|
|
|a 8170366526 (India : hb : alk. paper)
|
| 020 |
|
|
|a 8170366534 (India : pb : alk. paper)
|
| 040 |
|
|
|a DLC
|c DLC
|d DLC
|d BD-DhAAL
|
| 082 |
0 |
0 |
|a 307.1/412
|2 21
|
| 100 |
1 |
|
|a Axinn, George Harold,
|d 1926-
|
| 245 |
1 |
0 |
|a Collaboration in international rural development :
|b a practitioner's handbook /
|c George H. Axinn, Nancy W. Axinn.
|
| 260 |
|
|
|a New Delhi ;
|a Thousand Oaks, Calif. :
|b Sage Publications,
|c 1997.
|
| 300 |
|
|
|a 334 p. :
|b ill. ;
|c 23 cm.
|
| 504 |
|
|
|a Includes bibliographical references (p. [316]-324 and index.
|
| 541 |
1 |
|
|e 00010862
|
| 650 |
|
0 |
|a Rural development
|x International cooperation.
|
| 700 |
1 |
|
|a Axinn, Nancy W.
|
| 852 |
4 |
|
|a Ayesha Abed Library
|j General shelf
|
| 999 |
|
|
|c 6575
|d 6575
|
| 952 |
|
|
|0 0
|1 0
|2 ddc
|4 0
|6 307_141200000000000_AXI_1997
|7 0
|9 6687
|a BRACUL
|b BRACUL
|c GEN
|d 2009-12-31
|g 645.00
|l 0
|o 307.1412 AXI
|p 3010010862
|r 2009-12-31
|t 1
|w 2009-12-31
|y BK
|